Click Quiz - Letters by Next Letter - Statistics

General Stats
  • This quiz has been taken 13 times
  • The average score is 14 of 26
Answer Stats
Hint Answer % Correct
z a
83%
k l
75%
g h
67%
h i
67%
j k
67%
r s
67%
w x
67%
c d
58%
f g
58%
l m
58%
o p
58%
p q
58%
a b
50%
b c
50%
e f
50%
i j
50%
q r
50%
s t
50%
v w
50%
d e
42%
u v
42%
x y
42%
m n
33%
t u
33%
y z
33%
n o
25%
No matching quizzes found
Score Distribution
Percent of People with Each Score
Percentile by Number Answered
Your Score History
You have not taken this quiz